Movies by Bad Plot Description - Statistics

General Stats
  • This quiz has been taken 1,279 times
  • The average score is 7 of 11
Answer Stats
Hint Answer % Correct
An old fool decides to build a park with dinosaurs and the dinos eventually kill people so paleontologists have to stop them Jurassic Park
94%
These two idiots decide to go on a cruise and then they die of hypothermia in the middle of nowhere after the boatsinks Titanic
91%
This noseless dude gets an army of deranged people and storms a school full of teenagers Harry Potter and the Deathly Hallows, Part 2
85%
A super rich guy makes weapons but then gets kidnapped by people who like his weapons and he makes metal clothes and kills the guy who set up the kidnapping Iron Man
83%
This one dog dies and the pet owner buys guns and kills some thugs John Wick
71%
This family and a nanny is on the run from a bunch of Nazis who hate them because they sing well The Sound of Music
70%
Aliens invade Earth on the 4th of July and they have to defeat them by hacking Independence Day
67%
This person’s uncle gets killed because he was too lazy to hold a lift door for someone and he kills a rich guywith a green suit Spider-Man
63%
A god and his brother and a bunch of other dudes go and fight the god’s evil sister Thor: Ragnarok
47%
This guy’s wife and children (except for one) get murdered and the surviving kid gets kidnapped by a dentist and sothe guy searches for him with a demented gal Finding Nemo
34%
This old guy and his associates fight a crazy German scientist who is looking for a thingy which can turnback time, so his team can win something Indiana Jones and the Dial of Destiny
31%
No matching quizzes found
Score Distribution
Percent of People with Each Score
Percentile by Number Answered
Your Score History
You have not taken this quiz